000 00645nam a22001577a 4500
003 LRUA
005 20210127132940.0
008 210127b xxu||||| |||| 00| 0 eng d
040 _cRUA
082 _2ANS TON 2017 B543 Or.
100 _914631
_aTON VANNAK ,តុន​ វណ្ណៈ
245 _aEffect of Cuuting Age of Fforages on Gas Production By Using In Vitro Techinique,ឥទ្ទិពលនៃដំណាំចំណីសត្វទៅផលិតផលឧស្ម័នដោយប្រើវិធីសាស្រ្តIn-vitor
260 _aphnom penh
_bRUA
_c2017
300 _ax,41p,
_bill,
_c29cm,
942 _2ddc
_cANS
999 _c19690
_d19690